Ricostruisci la Carriera del Calciatore - Lorenzo Insigne - Statistics

Statistiche generali
  • Questo quiz è stato fatto 33 volte
  • Il punteggio medio è 4 su 6
Statistiche sulle risposte
Hint Risposta % Corretto
2012-2022 Napoli
91%
2022- Toronto FC
87%
2011-2012 Pescara
65%
2010 Cavese
57%
2010-2011 Foggia
52%
2009-2010 Napoli
48%
Nessun quiz corrispondente trovato
Distribuzione punteggi
Percentuale di utenti per punteggio
Percentile per numero di risposta
I tuoi punteggi nel tempo
Non hai fatto questo quiz